Thư viện, cuộc sống tự nhiên về núi.

שמור ב:
מידע ביבליוגרפי
פורמט: ספר
תגים: הוספת תג
אין תגיות, היה/י הראשונ/ה לתייג את הרשומה!
Thư viện lưu trữ: Mạng thư viện Đại học Đà Nẵng
LEADER 00421nam a22001691a 4500
001 000039737
003 16032
005 20160412022640.0
008 160412s0 000
082 |a 4N(07)356 
245 |a Thư viện, cuộc sống tự nhiên về núi. 
OWN |a LNN 
999 |a From the UDN01 
TYP |a Monograph 
980 |a Mạng thư viện Đại học Đà Nẵng